000 02136nam a2200553 a 4500
005 20241202090257.0
008 100311t2021||||sp al f |||| 001 0 spa d
020 _a9788491139119
041 _aspa
092 _c616.07
_l75
_sROB
100 1 _aKumar, Vinay
_9127
245 _aRobbins y Cotran.
_bPatología estructural y funcional /
_cVinay Kumar
250 _a10a ed. versión en español de la obra original en inglés
_bRevisión Científica Mª. Jesús Fernández-Aceñero ; Ismael Vásquez Moctezuma. Ilustraciones James A. Perkins.
260 _aBarcelona:
_bElsevier;
_c2021.
300 _a1377 p.
_bil.
500 _aKumar, V., Abbas, A. K. y Aster, J. C. (2021). Robbins y Cotran. Patología estructural y funcional. (10a ed.). Barcelona : Elsevier.
653 _aLa celula como unidad de salud y enfermedad
653 _aLesión celular, muerte celular y adaptaciones
653 _aInflación y reparacion
653 _aTrastornos hemodinámicos, enfermedad tromboembólica y shock
653 _aTrastornos genéticos
653 _aEnfermedades del sistema inmunitario
653 _aNeoplasias
653 _aEnfermedades infecciosas
653 _aEnfermedades ambientales y nutricionales
653 _aEnfermedades de la lactancia y la infancia
653 _aVasos sanguíneos
653 _aCorazón
653 _aEnfermedades de los leucocitos, ganglios linfáticos, bazo y timo
653 _aTrastornos de los eritrocitos y trastornos hemorrágicos
653 _aPulmón
653 _aCabeza y cuello
653 _aTubo digestivo
653 _aHígado y vesicula biliar
653 _aPáncreas
653 _aRiñón
653 _aVías urinarias inferiores y aparato genital masculino
653 _aAparato genital femenino
653 _aMama
653 _aSistema endocrino
653 _aPiel
653 _aTumores de huesos, articulaciones y tejidos blandos
653 _aNervios periféricos y músculos esqueléticos
653 _aSistema nervioso central
653 _aOjo
700 1 _aAbbas, Abul K.
_949
700 1 _aAster, Jon C.
_950
942 _2ddc
_cBK
999 _c3208
_d3208